Producción animal, medio ambiente y sustentabilidad /
Guardado en:
| Autor Principal: | |
|---|---|
| Otros Autores: | |
| Formato: | Libro |
| Publicado: |
Buenos Aires :
Hemisferio Sur,
1999
|
| Materias: | |
| Etiquetas: |
Agregar Etiqueta
Sin Etiquetas, Sea el primero en etiquetar este registro!
|
| LEADER | 00955nam a22002295a 4500 | ||
|---|---|---|---|
| 001 | CEM.cems017541 | ||
| 005 | 20121012095203.0 | ||
| 008 | 130507s1999##################000#0#####d | ||
| 003 | CEMS | ||
| 020 | |a 9505045549 | ||
| 082 | 0 | 4 | |a 636 |
| 100 | 1 | |a Basso, Lorenzo R. | |
| 245 | 1 | 0 | |a Producción animal, medio ambiente y sustentabilidad / |c Lorenzo R. Basso y Juan Franco |
| 260 | |a Buenos Aires : |b Hemisferio Sur, |c 1999 | ||
| 300 | |a 66 p. | ||
| 505 | 0 | |a La situación actual. El ejemplo de la Unión Europea (UE) -- El medio ambientes y la configuración de los sistemas ganaderos -- Alimentación animal y polución -- Evaluación de la gestión ambiental -- Estrategias para la sustentabilidad de los sistemas | |
| 653 | |a Producción animal | ||
| 653 | |a Producción animal-medio ambiente | ||
| 653 | |a Producción animal-sustentabilidad | ||
| 653 | |a Medio ambiente | ||
| 700 | 1 | |a Franco, Juan | |
| 859 | |a CEMS |b BIB. CEMS - Agricultura |h 636 |i B322 |p A1325.11 |t Ej.1 | ||
